000 00802nam a2200229 u 4500
001 000020428
005 20260129112220.0
008 100813s2015 dr 000 0 spa d
020 _a9789945852424
040 _aDO-SdBNP
_bspa
_cBNPHU
082 _a616.01
_bM538m
100 1 _aMendez Velasco, Neptalí
_943095
245 1 0 _aManual de prácticas de laboratorio de microbiología y parasitología /
_cNeptalí Mendez Velasco.
260 _aSanto Domingo :
_bUniversidad Adventista Dominicana,
_c2015.
300 _a73 p. :
_bil., retrs.
500 _aIncluye datos biografícos del autor.
504 _aBibliografía : p. 67-68
590 _aInventariado, 2019/ YL
650 0 _aMicrobiología
_943096
650 4 _aParasitología
_943097
650 4 _aManuales de prácticas de laboratorio
_943098
999 _c19932
_d19932